La estafa / (Record no. 35551)

MARC details
000 -LEADER
campo de control de longitud fija 00561nam a2200193 i 4500
001 - NÚMERO DE CONTROL
campo de control 35551
003 - IDENTIFICADOR DE NÚMERO DE CONTROL
campo de control ES-MaACL
005 - FECHA Y HORA DE LA ÚLTIMA TRANSACCIÓN
campo de control 20250804063354.0
007 - CAMPO FIJO DE DESCRIPCIÓN FÍSICA--INFORMACIÓN GENERAL
campo de control de longitud fija t|
008 - DATOS DE LONGITUD FIJA--INFORMACIÓN GENERAL
campo de control de longitud fija 030213s1965 sp ||||1| spa d
100 1# - ENTRADA PRINCIPAL--NOMBRE DE PERSONA
Nombre de persona Bosch, Andrés,
Fechas asociadas al nombre 1926-1984
9 (RLIN) 160182
245 13 - MENCIÓN DEL TÍTULO
Título La estafa /
Mención de responsabilidad, etc. Andrés Bosch.
260 ## - PUBLICACIÓN, DISTRIBUCIÓN, ETC.
Lugar de publicación, distribución, etc. Madrid :
Nombre del editor, distribuidor, etc. Fermín Uriarte,
Fecha de publicación, distribución, etc. [1965]
300 ## - DESCRIPCIÓN FÍSICA
Extensión 301 p. ;
Dimensiones 21 cm.
490 1# - MENCIÓN DE SERIE
Mención de serie Novela europea contemporánea
830 0# - PUNTO DE ACCESO ADICIONAL DE SERIE-TÍTULO UNIFORME
Título uniforme Novela europea contemporánea
9 (RLIN) 183312
852 ## - LOCALIZACIÓN
Ubicación ES-MaACL
Número de control de estantería C-27147
Sublocalización o colección R.56177
Holdings
Estatus retirado Estado de pérdida Estado de daño No para préstamo Biblioteca de origen Biblioteca actual Ubicación en estantería Fecha de adquisición Fuente de adquisición Total de préstamos Signatura topográfica completa Código de barras Visto por última vez Precio de reemplazo Tipo de ítem Koha
        Biblioteca del Ateneo de Madrid Biblioteca del Ateneo de Madrid Depósito 2 17/01/2008     C-27147 1037215 23/02/2023 23/02/2023 Libro impreso